000 00393nam a2200157Ia 4500
008 230524s9999 xx 000 0 und d
020 _a9814066249
082 _a5.453
_bMUC
100 _aSteven S.Muchnick
_93312
245 0 _aCompiler Design Implementation
260 _aSINGAPORE
_bHarcourt
_c2000
300 _aXXIX;856
500 _aQuantity Number: 1
650 _aComp-Sc
942 _cBK
999 _c5332
_d5332